[Event "SWE-ch"]
[Site "Linkoping"]
[Date "2001.07.06"]
[Round "6"]
[White "Cramling, Pia"]
[Black "Eriksson, Anders"]
[Result "1-0"]
[WhiteElo "2492"]
[BlackElo "2354"]
[Annotator "Ziegler,A"]
[PlyCount "121"]
[EventDate "2001.06.30"]
[EventType "tourn"]
[EventRounds "13"]
[EventCountry "SWE"]
[EventCategory "8"]
[SourceTitle "CBM 085"]
[Source "ChessBase"]
[SourceDate "2001.11.13"]
[SourceVersion "1"]
[SourceVersionDate "2001.11.13"]
[SourceQuality "1"]

1. d4 Nf6 2. c4 e6 3. Nc3 Bb4 4. Qc2 O-O 5. a3 Bxc3+ 6. Qxc3 b6 7. Bg5 Ba6 {
Det hela började i mitten av nittiotalet med att den store Dc2-specialisten
Ivan Sokolov spelade det mot Kortjnoj. Därefter började Kortjnoj spelade det
själv, och cirkusen var igång. På senare tid har draget avtagit i intresse.
Draget är mer praktiskt än teoretiskt till sin natur. Svart har en enkel plan.
Tornet skall till c8 och damen kommer att bli utsatt. Förbluffande nog är det
svårare än man kan tro att handskas med denna enkla plan. Men om man har gjort
sitt hemarbete (och kommer ihåg det!) så skall vit kunna få någon form av
press.} 8. e3 d6 ({Att spela upp d-bonden direkt ger vit enklare spel:} 8... d5
9. Nf3 Nbd7 10. cxd5 Bxf1 11. Rxf1 exd5 12. Ne5 $1 $14 {som i Bareev-Farago,I,
Rom, 1990.}) 9. Bd3 {Är någon form av huvuddrag i ställningen.} Nbd7 {[#]} 10.
Ne2 (10. b4 {Är ett kompromisslöst drag som tvingar svart att spela:} c5 11.
dxc5 bxc5 {Och här är nog} 12. b5 {bäst, men när den lilla skärmytslingen är
över får vi en ställning där vit inte har så många dynamiska bönder kvar 
(löparna älskar dynamiska bönder.)} Bb7 13. Nf3 {Och nu menar Ftacnik att:} a6
$5 {Ger svart det lite bättre spelet.} 14. a4 axb5 15. axb5 Rxa1+ 16. Qxa1 Qa8
17. Qxa8 Rxa8 18. O-O Be4) ({and} 10. Nf3 $5 {Har jag själv spelat vid två
tillfällen utan att kunna det speciellt bra.} c5 11. O-O ({Det senaste modet i
varianten är:} 11. d5 $5 exd5 12. cxd5 Bb7 $5 13. O-O-O (13. e4 $2 Qe8 $17)
13... Qe8 ({Det krävs inget taktiskt geni för att upptäcka att bonden inte är
gratis:} 13... Bxd5 $2 14. Bxh7+ $16 Kxh7 15. Rxd5 Nxd5 16. Qd3+) 14. Qc4 $5 {
Vit har många grabbar på kungsflygeln och nu skall även damen dit.} Bxd5 15.
Qf4 {Vit har spel för en bonde i partiet M Gurevich - V Milov, Amsterdam 2000})
11... Rc8 12. b3 cxd4 13. exd4 b5 {Tematiskt och bra.} 14. Qb4 bxc4 15. Bxc4 (
15. bxc4 $6 d5) 15... Rc6 $5 (15... Bxc4 $5 16. bxc4 Rc6 17. Rac1 ({Här borde
jag insett faran och spelat} 17. Nd2 {med någon form av balans.}) 17... Qc7 {
Och härifrån blev jag totalt utspelad av Sune Berg Hansen i Exclesior Cup 1998.
}) 16. Rfd1 Bxc4 17. bxc4 Qc7 18. Nd2 {Och här kändes som om vits ställning
skall kunna gå och hålla även om jag förlorade mot Hellsten i copenhagen open
1995.}) 10... c5 11. Qb3 ({Det är viktigt att gå undan med damen med en gång:} 
11. O-O Rc8 12. Qb3 d5 13. Rfc1 $2 b5 $1 {En typisk framstöt med vilken Robert
Åström sopade brädet med när han mötte bulletinredaktören i något Blixt-SM.}
14. cxb5 c4 15. Bxc4 dxc4 16. Qa4 Bb7 $17 {Dao Thien Hai-Nisipeanu,L, Ungern,
1996}) 11... Qc7 12. Rc1 Qb7 13. O-O cxd4 14. Bxf6 ({Hellsten är den store
experten på varianten i vårt avlånga land. Han var sträng när Arlandi gjorde
ett fingerfel i OS i Armenien 1996.} 14. exd4 d5 15. cxd5 Nxd5 16. Bxa6 Qxa6
$15 {Svart har en långsiktig fördel.}) 14... Nxf6 15. Nxd4 {Pia har gått förbi
alla blindskär, men någon fördel har det inte blivit.} Rac8 16. Rfd1 Rfd8 17.
a4 {Vit startar en damflygeloffensiv på bred front.} Qb8 18. Bf1 Bb7 19. Qa3 a5
{Svart vill inte låta vit spela varken a5 eller b4 hur som helst.} 20. b4 axb4
21. Qxb4 Nd7 {Vit har lyckats med något; att skapa en svaghet på b6. Baksidan
av myntet är det fina c5-fältet för svarts springare.} 22. Rb1 Be4 {Svart
skjuter men knallpulver.} ({Men att ladda den stora bössan är inte ofarligt.
Vad händer om svart angriper c4-bonden?} 22... Rc5 23. Nb3 Rc6 24. Be2 Ba6 25.
Bf3 Rxc4 26. Qxd6 Qxd6 27. Rxd6 {Vit har det bättre spelet.}) ({Kanske skulle
svart avvaktat med:} 22... h6) 23. Rb2 Nc5 24. f3 Ba8 25. Ra1 Nd7 {Ja, då var
det bara att gå hem igen.} 26. a5 bxa5 27. Qa3 Qa7 28. Nb5 Qa6 29. Nxd6 Rb8 30.
Nb5 {[#] Vit har fått ett litet grepp om svart. A-bonden får be en bön.} Qb6 ({
Eftersom svart var strategiskt förlorad på damflygeln skulle han satsat på
motspel på andra sidan:} 30... e5 31. Qxa5 Qg6 {Vilket hade försvårat vits
vinstföring betydligt.}) 31. Qc3 Nc5 32. Qxa5 Qxa5 33. Rxa5 h5 34. Raa2 ({
Man skulle även kunnat fixerat bonden på vitt fält:} 34. h4) 34... h4 35. Nd4
Rxb2 36. Rxb2 h3 37. Rb5 hxg2 38. Kxg2 Rc8 39. Nb3 Nd7 40. Kf2 Kf8 41. e4 Bc6
42. Ra5 Ke7 43. Ra7 g5 44. Ke3 Kf6 45. Nd4 Ne5 46. c5 Be8 47. Ra5 Nd7 48. c6
Ne5 49. Rc5 Rc7 50. Bb5 Ng6 {[#]} 51. Ba4 ({Helst skulle man vilja placera
löparen på b7, men det går ej på grund av:} 51. Ba6 e5 $1) ({En idé är att
flytta om springaren lite grann:} 51. Nc2 Ke7 52. Nb4 f6 53. Na6 Rc8 54. c7
Bxb5 55. Rxb5 {Jag tror att Pia hade analyserat hit men var osäker på om det
verkligen var vinst. Svart har fått upp en form av blockad, men det är i
princip bara springaren som är rörlig så därför borde det nappa förr eller
senare.} Kd7 56. Kd4 Ne5 57. Rb3 Rh8 58. Rb8 Rc8 59. Kc5 f5 (59... Nxf3 60. Kb6
{Följt av Sc5 schack.}) 60. exf5 exf5 61. Kd5 Nxf3 62. Nc5+ Kxc7 63. Rb7+ Kd8
64. Ne6+ Ke8 65. Kd6 {Och vit vinner.}) 51... Ne5 52. Bb5 (52. Nc2 Ng6 53. Nb4
{Fungerar ungefär som ovan.}) 52... Ng6 53. Nb3 e5 54. Na5 {Här står
springaren betydligt mindre flexiblet än på b4.} Ke6 55. Nc4 f6 56. Rd5 Ke7 57.
Rc5 Nf8 58. Nb6 Ne6 $2 ({Svart var mycket nära halvan. Jag misstänker att det
ännu en gång var tidsnöden som spökade för Anders. En en gång besannas
visdomsorden: "Det är oftast de sämsta dragen som avgör partierna, ej de bästa.
" Det är märkligt med dessa tidsnödsnarkomaner. Förnuftet säger ju alldeles
tydligt att man förlorar många onödiga poäng när man kommer i tidsnöd. Men
ändå fortsätter de att ta drogen! De kan fundera en halvtimme på om vilket
torn som skall till d1. Ett sådant beslut kan vara värd 0,1 bondpoäng. Men
sedan när det verkligen gäller skall partiavgörande beslut tas på sekunder.
Obenägheten för denna kategori människor att ta sitt förnuft till fånga gör
mig pessimistisk beträffande människans allmäna förmåga till förändring. Det
tycks mig som om det är endast undantagen som klarar av att sluta upp med
beteenden som är destruktiva.} 58... Kd6 $1 {Vinner tillbaka bonden.}) 59. Nd5+
Kd8 60. Rc3 Rc8 61. c7+ 1-0